[Event "FSGM May"]
[Site "Budapest HUN"]
[Date "2004.05.01"]
[Round "1"]
[White "Papp,Ga"]
[Black "Farago,I"]
[Result "1/2-1/2"]
[WhiteElo "2434"]
[BlackElo "2507"]

1.e4 e6 2.d4 d5 3.Nc3 Bb4 4.e5 Ne7 5.a3 Bxc3+ 6.bxc3 c5 7.Qg4 O-O 8.Bd3 Nbc6
9.Qh5 Ng6 10.Nf3 Qc7 11.O-O c4 12.Bxg6 fxg6 13.Qh3 Bd7 14.a4 Qa5 15.Nh4 Rf7
16.f4 g5 17.fxg5 Rxf1+ 18.Kxf1 Rf8+ 19.Ke2 Ne7 20.g6 Nxg6 21.Nxg6 hxg6 22.Bd2 b5
23.Qg4 bxa4 24.Qxg6 Qd8 25.Bg5 Qe8  1/2-1/2

[Event "Capablanca Mem Premier II"]
[Site "Havana CUB"]
[Date "2004.05.06"]
[Round "1"]
[White "Borriss,M"]
[Black "Pecorelli Garcia,H"]
[Result "1/2-1/2"]
[WhiteElo "2441"]
[BlackElo "2420"]

1.e4 e6 2.d4 d5 3.Nc3 Bb4 4.e5 Ne7 5.a3 Bxc3+ 6.bxc3 c5 7.Nf3 b6 8.Bb5+ Bd7
9.Bd3 Ba4 10.O-O c4 11.Be2 h6 12.g3 Kd7 13.Nh4 Qg8 14.Ng2 b5 15.Ne3 Kc7 16.f4 g6
17.Bf3 Nd7 18.Qe2 Nf5 19.Ng2 h5 20.Ne3 Nxe3 21.Bxe3 a5 22.Rf2 Nb6 23.Re1 Nc8
24.f5 gxf5 25.Bxh5 Ne7 26.Bf3 Qg7 27.Rg2 Rag8 28.h4 Qf8 29.Bg5 Rxg5 30.hxg5 Rh3
31.Qf2 Ng6 32.Rh2 Rxh2 33.Qxh2 Qxa3 34.Qh7 Qe7 35.Re2 b4 36.cxb4 axb4 37.Bh5 Qxg5
38.Qxf7+ Ne7 39.Qxe6 Qxg3+ 40.Kf1 Qh3+ 41.Kg1 Qg3+ 42.Kf1 Qf4+ 43.Kg1 Nc6
44.Qd6+ Kb7 45.Be8 Qxd4+ 46.Rf2 b3 47.cxb3 cxb3 48.Qd7+ Kb6 49.Qxf5 b2 50.Qb1 Qg4+
51.Rg2 Qd4+ 52.Rf2 Qg4+ 53.Rg2  1/2-1/2

[Event "Capablanca Mem Premier II"]
[Site "Havana CUB"]
[Date "2004.05.07"]
[Round "2"]
[White "Rodriguez Guerrero,E"]
[Black "Almeida,O"]
[Result "1-0"]
[WhiteElo "2407"]
[BlackElo "2426"]

1.e4 e6 2.d4 d5 3.Nc3 Bb4 4.e5 Ne7 5.a3 Bxc3+ 6.bxc3 c5 7.Qg4 O-O 8.Bd3 Nbc6
9.Qh5 Ng6 10.Nf3 Qc7 11.Be3 c4 12.Bxg6 fxg6 13.Qg4 Qf7 14.Ng5 Qf5 15.Qe2 Re8
16.h4 h6 17.g4 Qf8 18.Nh3 Qf7 19.h5 gxh5 20.g5 Kf8 21.gxh6 gxh6 22.Kd2 Ke7
23.Rag1 Rh8 24.Nf4 Kd8 25.Rg6 Qe7 26.Qxh5 Kc7 27.Rf6 Rh7 28.Qg6 Nd8 29.Qg8 Rg7
30.Qf8 Qxf8 31.Rxf8 Rf7 32.Rg8 Bd7 33.Rxh6 Rc8 34.Ke2 Re7 35.Ng6 Rf7 36.Bg5 Nc6
37.Rxc8+ Kxc8 38.Bf6 b5 39.Ke3 a5 40.f4 Kc7 41.f5 b4 42.axb4 axb4 43.fxe6 Bxe6
44.Nf4 Bf5 45.Nxd5+ Kb7 46.cxb4 Rd7 47.Nf4 Rxd4 48.c3 Re4+ 49.Kf3 Nxe5+ 50.Bxe5 Rxe5
51.Rd6 Bc2 52.Re6 Bd1+ 53.Kf2 Rg5 54.Ke3 Bb3 55.Kd4 Rg3 56.Rf6 Rf3 57.Nd5 Rg3
58.Kc5 Rg5 59.Rf7+ Kc8 60.b5 Ba4 61.b6 Bb3 62.b7+ Kb8 63.Kb6 Rg8 64.Nf6  1-0

[Event "Capablanca Mem Premier II"]
[Site "Havana CUB"]
[Date "2004.05.15"]
[Round "9"]
[White "Kallio,H"]
[Black "Pecorelli Garcia,H"]
[Result "1/2-1/2"]
[WhiteElo "2484"]
[BlackElo "2420"]

1.e4 e6 2.d4 d5 3.Nc3 Bb4 4.e5 Ne7 5.a3 Bxc3+ 6.bxc3 c5 7.Qg4 O-O 8.Bd3 f5
9.exf6 Rxf6 10.Bg5 Rf7 11.Qh5 g6 12.Qd1 Nbc6 13.Nf3 Qf8 14.O-O c4 15.Be2 h6
16.Bc1 Bd7 17.Ne1 b5 18.g3 a5 19.Ng2 Kh7 20.Bg4 Ng8 21.Bf4 Nf6 22.Bf3 Ne8
23.Ne1 Rxf4 24.gxf4 Qxf4 25.Ng2 Qf6 26.Bg4 h5 27.Bh3 Nd6 28.f3 Rf8 29.Kh1 Nf7
30.Ne3 Ng5 31.Bg2 Qf4 32.Qe1 Kg7 33.h4 Nh7 34.Bh3 Nf6 35.Ng2 Qd6 36.f4 Ne4
37.Qe3 Qe7 38.Kh2 Kh7 39.Rfe1 Qf6 40.Red1  1/2-1/2

[Event "22nd LIE-Open"]
[Site "Triesen LIE"]
[Date "2004.05.15"]
[Round "2"]
[White "Papa,S"]
[Black "Martinovic,Sa"]
[Result "1-0"]
[WhiteElo "2405"]
[BlackElo "2171"]

1.e4 e6 2.d4 d5 3.Nc3 Bb4 4.e5 Ne7 5.a3 Bxc3+ 6.bxc3 c5 7.Qg4 O-O 8.Bd3 Nbc6
9.Qh4 Ng6 10.Qxd8 Rxd8 11.Nf3 f6 12.exf6 gxf6 13.dxc5 e5 14.Be2 Bf5 15.Bd1 Rac8
16.Rb1 Rd7 17.h4 Na5 18.Rb5 Nc4 19.Nd2 a6 20.Nxc4 axb5 21.Nd6 Rxd6 22.cxd6 Rxc3
23.h5 Nf8 24.f4 Rc6 25.fxe5 fxe5 26.Rf1 Be4 27.Bg5 Bxg2 28.Rg1 Bh3 29.Be7+ Kf7
30.Rh1 Rc3 31.Be2 Rxa3 32.Kd2 Nd7 33.Bd3 Bg2 34.Rg1 Be4 35.Rf1+ Ke6 36.Bxb5 Rf3
37.Rg1 Rf2+ 38.Ke1 Rxc2 39.Rg7 Rc1+ 40.Kd2 Rc2+ 41.Kd1 Rg2 42.h6 Nc5 43.Bf8 Rf2
44.Re7+ Kf6 45.Bg7+ Kg6 46.Rxe5 Bf5 47.Rxd5 Nd7 48.Ke1 Rf4 49.Ke2 Be6 50.Bd3+ Kf7
51.Rg5 Bc4 52.Ke3 Bxd3 53.Kxf4 Ke6 54.Rg3 Bc2 55.Rc3 Bg6 56.Rb3 b6 57.Bd4 Kxd6
58.Bxb6 Nf6 59.Bd4 Nd7 60.Kg5 Ke6 61.Rb7 Be4 62.Ra7 Bd3 63.Ra8 Ke7 64.Rg8 Bc2
65.Rg7+ Ke6 66.Kf4 Bb1 67.Ke3 Bc2 68.Kd2 Bb1 69.Kc3 Be4 70.Kc4 Kd6 71.Rg5 Ke6
72.Bc3 Bb1 73.Rg8 Ke7 74.Bb4+ Kf7 75.Rg7+ Ke8 76.Kd5 Bf5 77.Kd6 Nb6 78.Re7+ Kf8
79.Ke5 Kg8 80.Kxf5 Nd5 81.Re8+  1-0

[Event "Capablanca Mem Premier I"]
[Site "Havana CUB"]
[Date "2004.05.16"]
[Round "10"]
[White "Gongora,M"]
[Black "Garcia Martinez,S"]
[Result "1/2-1/2"]
[WhiteElo "2422"]
[BlackElo "2355"]

1.e4 e6 2.d4 d5 3.Nc3 Bb4 4.e5 Ne7 5.a3 Bxc3+ 6.bxc3 c5 7.Qg4 Qc7 8.Qxg7 Rg8
9.Qxh7 cxd4 10.Ne2 dxc3 11.f4 Bd7 12.Qd3 Nf5 13.Rb1 Na6 14.Qxc3 Rc8 15.Qxc7 Rxc7
16.c3 Nc5 17.Nd4 Ne4 18.Nxf5 exf5 19.Bd2 b6 20.Rc1 Rh8 21.h4 Rc6 22.Bd3 Nxd2
23.Kxd2 Rg6 24.Rcg1 Rhg8 25.Rh2 Rg4 26.Ke3 Rg3+ 27.Ke2 R8g4 28.h5 Kf8 29.h6 Kg8
30.Kd2 Kh7 31.Rh5 Rxf4 32.Ke2 Be6 33.Bb1 Bd7 34.Bd3 Bc8 35.Rgh1 Rxg2+ 36.Ke3 Rgg4
37.Rg1 Rxg1 38.Kxf4 Rg4+ 39.Ke3 Rg3+ 40.Kd2 Rg1 41.Ke3 Rg3+ 42.Kd2 Rg2+ 43.Ke3  1/2-1/2

[Event "ch-URU"]
[Site "Montevideo URU"]
[Date "2004.05.16"]
[Round "4"]
[White "Curi,G"]
[Black "Cao,Jo"]
[Result "1-0"]
[WhiteElo "2279"]
[BlackElo "2248"]

1.e4 e6 2.d4 d5 3.Nc3 Bb4 4.e5 b6 5.Qg4 Bf8 6.Bg5 Qd7 7.h4 Ba6 8.Bxa6 Nxa6
9.Qe2 Nb8 10.h5 h6 11.Bf4 c5 12.Nf3 Nc6 13.O-O-O c4 14.Kd2 a6 15.Ke1 b5 16.Qe3 Nge7
17.g4 Nc8 18.Kf1 Nb6 19.Kg2 b4 20.Ne2 a5 21.Bg3 a4 22.Nh4 Na5 23.c3 Nc6 24.cxb4 Nxb4
25.f4 Nxa2 26.f5 a3 27.bxa3 Rxa3 28.Qf2 Nb4 29.Nf4 c3 30.fxe6 fxe6 31.Nhg6 Rg8
32.Rhf1 c2 33.Rc1 Nc4 34.Nd3 Ne3+ 35.Qxe3 Nxd3 36.Nxf8 Rxf8 37.Rxf8+ Kxf8
38.Rxc2 Kg8 39.g5 hxg5 40.Qxg5 Qf7 41.h6 g6 42.Qf6 Qxf6 43.exf6 Ra7 44.Rc3 Nb4
45.Rc8+ Kh7 46.Rc7+ Rxc7 47.Bxc7 Kxh6 48.Bd6  1-0

[Event "Capablanca Mem Premier II"]
[Site "Havana CUB"]
[Date "2004.05.17"]
[Round "11"]
[White "Rodriguez Guerrero,E"]
[Black "Pecorelli Garcia,H"]
[Result "0-1"]
[WhiteElo "2407"]
[BlackElo "2420"]

1.e4 e6 2.d4 d5 3.Nc3 Bb4 4.e5 Ne7 5.a3 Bxc3+ 6.bxc3 c5 7.Qg4 O-O 8.Bd3 f5
9.exf6 Rxf6 10.Bg5 Rf7 11.Qh5 g6 12.Qd1 Nbc6 13.Nf3 Qf8 14.O-O c4 15.Be2 h6
16.Bc1 Bd7 17.a4 Kh7 18.Qd2 b6 19.Ba3 Qb8 20.g3 Nf5 21.Ne1 Nd6 22.f4 Qc7
23.Nf3 Ne4 24.Qe3 Ne7 25.Bxe7 Rxe7 26.Ne5 Nd6 27.Ng4 Nf5 28.Qc1 Rf8 29.Ne5 Be8
30.Bg4 Nd6 31.Qa3 a5 32.Rf3 Kg7 33.Re3 Rf6 34.Bh3 Rf8 35.Re2 Bf7 36.Rae1 Bg8
37.Bg2 b5 38.Ra1 Rb8 39.Qc5 bxa4 40.Rxa4 Rb5 41.Qa3 Rb1+ 42.Kf2 Nb5 43.Qc5 Qxc5
44.dxc5 Nxc3 45.Rxa5 Nxe2 46.Kxe2 Rc7 47.c6 Rb6 48.Ke3 Rbxc6 49.Nxc6 Rxc6
50.h4 h5 51.Kd4 Kf6 52.Ra1 Bf7 53.Bh3 Rb6 54.Kc3 Be8 55.Bg2 Bd7 56.Bh3 Bc6
57.Kd4 Bd7 58.Kc3 Ke7 59.Bg2 Kd6 60.Kd4 Rb4 61.Bf3 Bc6 62.Be2 Rb2 63.Kc3 Rb8
64.Kd4 Rf8 65.Bf1 g5 66.hxg5 h4 67.Ke3 hxg3 68.c3 e5 69.fxe5+ Kxe5 70.Bh3 Rh8
71.Bg4 Rg8 72.Ra6 Rxg5 73.Bf3 g2 74.Bxg2 Rxg2 75.Rxc6 Rc2 76.Rh6 Rxc3+ 77.Kd2 Ra3
78.Rh5+ Kd4 79.Rh4+ Kc5 80.Rh5 Rd3+ 81.Kc2 Kb4 82.Rh8 Rf3 83.Rb8+ Kc5 84.Rh8 Rf2+
85.Kc1 d4 86.Rb8 d3  0-1

[Event "TCh-SCG"]
[Site "Petrovac SCG"]
[Date "2004.05.17"]
[Round "2"]
[White "Bugarcic,I"]
[Black "Jovic,A"]
[Result "0-1"]
[WhiteElo "2199"]
[BlackElo "2385"]

1.e4 e6 2.d4 d5 3.Nc3 Bb4 4.e5 Ne7 5.a3 Bxc3+ 6.bxc3 c5 7.Qg4 Kf8 8.Bd3 Qa5
9.Bd2 Qa4 10.Qh5 h6 11.dxc5 Nd7 12.Ne2 Nxc5 13.Nd4 Bd7 14.O-O Rc8 15.Rfd1 Nxd3
16.cxd3 Nf5 17.Nxf5 exf5 18.c4 dxc4 19.Bb4+ Kg8 20.dxc4 Be6 21.Qf3 b6 22.Rac1 a5
23.Be7 Rxc4 24.Bd8 Kh7 25.Rxc4 Qxc4 26.Bxb6 Qb5 27.Qe3 Rc8 28.h3 Rc4 29.f3 Rc2
30.Kh2 Qb2 31.Rg1 Re2 32.Bd4 Qa2 33.Qc3 a4 34.Bc5 Rc2 35.Qe3 Qc4 36.Bd6 Re2
37.Qc1 Qh4 38.Qb1 g6 39.Qd3 Ra2 40.Rd1 f4 41.Kg1 Qf2+  0-1

[Event "ch-URU"]
[Site "Montevideo URU"]
[Date "2004.05.18"]
[Round "6"]
[White "Roselli Mailhe,B"]
[Black "Curi,G"]
[Result "1-0"]
[WhiteElo "2420"]
[BlackElo "2279"]

1.e4 e6 2.d4 d5 3.Nc3 Bb4 4.e5 Ne7 5.a3 Bxc3+ 6.bxc3 c5 7.Nf3 Qc7 8.a4 b6
9.Bb5+ Bd7 10.O-O Bxb5 11.axb5 Nd7 12.Qd3 h6 13.Bd2 O-O 14.Ra4 Rfc8 15.Rc1 Nf8
16.h4 Qd7 17.Rca1 Rc7 18.dxc5 Rxc5 19.Nd4 Nf5 20.Nc6 a5 21.h5 Kh8 22.Rf4 Kg8
23.Bc1 Ne7 24.Rg4 Kh8 25.Nxe7 Qxe7 26.Ba3 Nd7 27.Re1 Rg8 28.c4 dxc4 29.Bxc5 Nxc5
30.Qxc4 Rd8 31.Rd4 a4 32.Red1 Re8 33.Rd6 Qg5 34.Rxb6 Qxh5 35.Re1 Nd7 36.Rd6 Rd8
37.Qc7  1-0

[Event "ch-URU"]
[Site "Montevideo URU"]
[Date "2004.05.20"]
[Round "8"]
[White "Magaldi,N"]
[Black "Cao,Jo"]
[Result "1/2-1/2"]
[WhiteElo "2185"]
[BlackElo "2248"]

1.e4 e6 2.d4 d5 3.Nc3 Bb4 4.e5 b6 5.Ne2 Ba6 6.a3 Bxc3+ 7.bxc3 Ne7 8.g3 c5
9.Nf4 Bxf1 10.Kxf1 Nbc6 11.Kg2 Nf5 12.Re1 cxd4 13.cxd4 Nfxd4 14.Bb2 Nf5 15.Qd3 Na5
16.Rad1 O-O 17.Bc3 Nc4 18.Qf3 Ne7 19.Qg4 Ng6 20.Bb4 Ncxe5 21.Qh5 Nxf4+ 22.gxf4 Ng6
23.Qg4 Re8 24.f5 exf5 25.Rxe8+ Qxe8 26.Qxf5 Rd8 27.Rxd5 Rxd5 28.Qxd5 Qe5
29.Qxe5 Nxe5  1/2-1/2

[Event "2nd Leonine GM"]
[Site "Dhaka BAN"]
[Date "2004.05.22"]
[Round "5"]
[White "Sharma,D"]
[Black "Rahman,Zia"]
[Result "0-1"]
[WhiteElo "2369"]
[BlackElo "2493"]

1.e4 e6 2.d4 d5 3.Nc3 Bb4 4.e5 b6 5.a3 Bf8 6.Bb5+ Bd7 7.Bd3 c5 8.f4 Nc6 9.Nf3 Nh6
10.O-O a6 11.Kh1 g6 12.dxc5 bxc5 13.b3 Nf5 14.Qe1 h5 15.g3 Ncd4 16.Ng5 Bc6
17.Bd2 Qc7 18.Kg2 c4 19.Bxf5 gxf5 20.Qd1 Be7 21.h4 Bxg5 22.fxg5 Nb5 23.Ne2 Qxe5
24.a4 d4+ 25.Kh2 Nd6 26.Nf4 c3 27.Bc1 Ne4 28.Qe1 Bb7 29.Ba3 O-O-O 30.Be7 Rd7
31.Bb4 Qc7 32.Rd1 Qc6 33.Qe2 Nd2 34.Rxd2 cxd2 35.Qxd2 Rc7 36.Rc1 e5 37.Nd3 e4
38.Nf4 d3 39.c4 Rd7 40.Nd5 Kb8 41.a5 Rxd5 42.cxd5 Qxd5 43.Qe3 Ka8 44.Bd2 Re8
45.b4 f4 46.gxf4 Qf5 47.Rc7 Qd5 48.Rc1 Rd8 49.Kg3 Qd7 50.Kh2 Qg4 51.Be1 Qf3
52.Qxf3 exf3 53.Rd1 d2 54.Bf2 Be4 55.Be3 f2 56.Bxd2 Rxd2  0-1

[Event "TCh-NOR Final"]
[Site "Trondheim NOR"]
[Date "2004.05.22"]
[Round "4"]
[White "Hersvik,D"]
[Black "Gundersen,H"]
[Result "1/2-1/2"]
[WhiteElo "2269"]
[BlackElo "2245"]

1.e4 e6 2.d4 d5 3.Nc3 Bb4 4.e5 Qd7 5.a3 Bxc3+ 6.bxc3 b6 7.a4 Ba6 8.Bxa6 Nxa6
9.Qd3 Nb8 10.a5 Nc6 11.a6 O-O-O 12.f4 Na5 13.Nf3 Nc4 14.O-O Ne7 15.Nd2 Qc6
16.Qf3 h5 17.Nxc4 Qxc4 18.Ba3 Nf5 19.Rfb1 Rdg8 20.Bc1 f6 21.Bd2 c5 22.Qf2 cxd4
23.Rb4 Qc6 24.cxd4 Kb8 25.Rc1 Rc8 26.Qe2 fxe5 27.Qxe5+ Qd6 28.c4 Qxe5 29.dxe5 dxc4
30.Rbxc4 Rxc4 31.Rxc4 Rc8 32.Re4 Rc2 33.Bb4 Nh4 34.Rd4 Rxg2+ 35.Kf1 Ra2 36.Rd6 Rxa6
37.Rxe6 Ra4 38.Bd6+ Kb7 39.Re7+ Kc6 40.Rf7 Kd5 41.Kf2 g6 42.Bb8 Ra2+ 43.Ke3 Nf5+
44.Kd3 Ra3+ 45.Kd2 Rf3 46.Rd7+ Ke6 47.Rxa7 Rxf4 48.Rb7 Rb4 49.Bc7 Ne7 50.Rxb6+ Rxb6
51.Bxb6 Kxe5 52.Ke2 Nd5 53.Bd8 Kf4 54.Kf2 Kg4 55.Kg2 Nf4+ 56.Kg1 Kf3 57.Be7 g5
58.Kf1 g4 59.Bd6 Ng6 60.Bc7 h4  1/2-1/2

[Event "5th IECC"]
[Site "Antalya TUR"]
[Date "2004.05.27"]
[Round "11"]
[White "Karadeniz,E"]
[Black "Kristjansson,S"]
[Result "1/2-1/2"]
[WhiteElo "2310"]
[BlackElo "2404"]

1.e4 e6 2.d4 d5 3.Nc3 Bb4 4.e5 Ne7 5.a3 Bxc3+ 6.bxc3 c5 7.Qg4 O-O 8.Bd3 Qa5
9.Bd2 Nbc6 10.Nf3 f5 11.exf6 Rxf6 12.Qh5 Nf5 13.c4 Qa4 14.cxd5 Ncxd4 15.Ng5 h6
16.Ne4 Rf8 17.O-O b6 18.Rae1 exd5 19.Ng3 c4 20.Bxf5 Nxf5 21.Re5 Qxc2 22.Bb4 Nxg3
23.hxg3 Bf5 24.Bxf8 Rxf8 25.Re8 Rxe8 26.Qxe8+ Kh7 27.Re1 Be4 28.Qe5 Qd3 29.f3 Bg6
30.Kh2 b5 31.Re3 Qd2 32.Re2 Qg5 33.Qd4 a5 34.Re5 Qf6 35.Qxd5 c3 36.Qxb5 c2
37.Rc5 Qa1 38.Qc6 Qxa3 39.Rxc2  1/2-1/2

[Event "5th IECC"]
[Site "Antalya TUR"]
[Date "2004.05.28"]
[Round "12"]
[White "Haznedaroglu,K"]
[Black "Smeets,J"]
[Result "0-1"]
[WhiteElo "2395"]
[BlackElo "2531"]

1.e4 e6 2.d4 d5 3.Nc3 Bb4 4.e5 Ne7 5.a3 Bxc3+ 6.bxc3 c5 7.Qg4 O-O 8.Nf3 Qa5
9.Bd2 c4 10.Be2 Nbc6 11.h4 f5 12.exf6 Rxf6 13.Ne5 Nxe5 14.dxe5 Rf5 15.f4 Qb6
16.Qh3 Bd7 17.Qe3 Qb2 18.Rc1 Qxa3 19.O-O b6 20.Ra1 Qb2 21.Rfb1 Qxc2 22.Rxb6 axb6
23.Rxa8+ Rf8 24.Rxf8+ Kxf8 25.Bg4 Kf7 26.Be1 Qb1 27.Kh2 Qe4 28.Qf2 Ba4 29.Bd2 Bc6
30.Bc1 d4 31.cxd4 Bd5 32.Bf3 Qd3 33.Be2 Qb1 34.Qe3 b5 35.f5 Qxf5 36.Ba3 Ng6
37.Kg1 Qf4 38.Qc3 Nxh4 39.Qb4 Qxd4+ 40.Kf1 Qf4+ 41.Ke1 Nxg2+ 42.Kd1 Qd4+
43.Kc1 Qe3+ 44.Kd1 Qg1+ 45.Kd2 Qe1+  0-1

[Event "TCh-BIH"]
[Site "Neum BIH"]
[Date "2004.05.29"]
[Round "1"]
[White "Cabrilo,G"]
[Black "Gavric,M"]
[Result "1-0"]
[WhiteElo "2487"]
[BlackElo "2396"]

1.e4 e6 2.d4 d5 3.Nc3 Bb4 4.e5 Ne7 5.a3 Bxc3+ 6.bxc3 c5 7.a4 Nbc6 8.Nf3 Qa5
9.Bd2 Bd7 10.Bb5 f6 11.Qe2 Qc7 12.O-O fxe5 13.Bxc6 Nxc6 14.Nxe5 O-O 15.Nxd7 Qxd7
16.dxc5 e5 17.f3 Rfe8 18.Be3 Rad8 19.Bg5 Rc8 20.Rad1 Qf7 21.Qd3 h6 22.Bh4 g5
23.Bg3 Rcd8 24.Rfe1 Qf6 25.h3 Re7 26.c4 e4 27.fxe4 dxe4 28.Qe3 Rd4 29.Bd6 Re6
30.Rf1 Rxd1 31.Rxd1 Qb2 32.Qf2 Rf6 33.Qe2 Re6 34.Rf1 Qd4+ 35.Kh1 Re8 36.Qh5 Rc8
37.Qf7+ Kh8 38.Rf6  1-0

[Event "3rd ACP Blitz Prelim1"]
[Site "playchess.com INT"]
[Date "2004.05.31"]
[Round "3"]
[White "Bartel,Mat"]
[Black "Pelletier,Y"]
[Result "1/2-1/2"]
[WhiteElo "2501"]
[BlackElo "2581"]

1.e4 e6 2.d4 d5 3.Nc3 Bb4 4.e5 Ne7 5.Bd2 b6 6.Nce2 Bxd2+ 7.Qxd2 Ba6 8.c3 c5
9.Nf3 Nbc6 10.g3 Qc7 11.h4 Rc8 12.Nf4 Bxf1 13.Kxf1 cxd4 14.cxd4 Na5 15.Kg2 Qc2
16.Rhd1 Qxd2 17.Rxd2 h6 18.b3 Kd7 19.Re1 Rc3 20.Ree2 Nac6 21.Re3 Rxe3 22.fxe3 Nf5
23.Kf2 g6 24.g4 Nfe7 25.Nd3 h5 26.gxh5 Rxh5 27.Nf4 Rh8 28.Rd1 Nf5 29.Rh1 Ng7
30.Nd3 Rc8 31.Ke2 a5 32.Kd2 Nb4 33.Nxb4 axb4 34.Rc1 Rxc1 35.Kxc1 Nf5 36.Kd2 Ke7
37.Kd3 Kf8 38.e4 dxe4+ 39.Kxe4 Ne7  1/2-1/2

[Event "3rd ACP Blitz Prelim3"]
[Site "playchess.com INT"]
[Date "2004.06.02"]
[Round "7"]
[White "Karjakin,Sergey"]
[Black "Psakhis,L"]
[Result "1-0"]
[WhiteElo "2580"]
[BlackElo "2545"]

1.e4 e6 2.d4 d5 3.Nc3 Bb4 4.e5 Ne7 5.a3 Bxc3+ 6.bxc3 c5 7.Qg4 O-O 8.Bd3 Nbc6
9.Qh5 Ng6 10.Nf3 Qc7 11.Be3 c4 12.Bxg6 fxg6 13.Qg4 Bd7 14.h4 Rf5 15.Ng5 Raf8
16.h5 Qa5 17.Bd2 h6 18.Nf3 g5 19.O-O Qd8 20.Nh2 Qe8 21.Qh3 Kh8 22.f3 Ne7
23.Rf2 Ba4 24.Be3 Qd7 25.Raf1 R5f7 26.g4 Ng8 27.Qg3 b5 28.f4 gxf4 29.Bxf4 Qe7
30.g5 hxg5 31.Bxg5 Qe8 32.Nf3 Rf5 33.Nh4 Rxf2 34.Rxf2 Rxf2 35.Ng6+ Kh7 36.Qxf2 Nh6
37.Kf1 Nf5 38.Ke1 Kg8 39.Kd2 Qf7 40.Nf4 a6 41.Qh2 Kh7 42.Qh3 Qe8 43.Qg4 a5
44.Bh4 Qf7 45.Bd8 b4 46.axb4 axb4 47.Qg6+ Qxg6 48.hxg6+ Kh6 49.Nxe6 bxc3+
50.Kxc3 Ne3 51.Bg5+  1-0

[Event "3rd ACP Blitz Prelim3"]
[Site "playchess.com INT"]
[Date "2004.06.02"]
[Round "9"]
[White "Paehtz,E"]
[Black "Psakhis,L"]
[Result "1-0"]
[WhiteElo "2385"]
[BlackElo "2545"]

1.e4 e6 2.d4 d5 3.Nc3 Bb4 4.e5 Ne7 5.a3 Bxc3+ 6.bxc3 b6 7.Qg4 Ng6 8.h4 h5
9.Qg3 Ba6 10.Bxa6 Nxa6 11.Nh3 Qd7 12.Ng5 Nb8 13.O-O Nc6 14.f4 Nge7 15.Qh3 Nf5
16.a4 Na5 17.Nf3 O-O-O 18.Nd2 Qe7 19.g3 c5 20.Ba3 Qc7 21.dxc5 bxc5 22.Nb3 Nb7
23.Qh2 Ne3 24.Rfb1 Nc4 25.Qf2 Nxa3 26.Rxa3 Kd7 27.a5 Rc8 28.a6 Nd8 29.Ra5 c4
30.Nc5+ Ke7 31.Rab5 Qc6 32.f5 exf5 33.Qxf5 Rc7 34.Qg5+ Ke8 35.Kh2 Qg6 36.Qd2 Qc6
37.Nb7 Ne6 38.Nd6+ Ke7 39.Rxd5 g6 40.Rf1 Rf8 41.Rd1 Rb8 42.Ne4 Kf8 43.Qh6+ Ke7
44.Qg7 Re8 45.Qf6+ Kf8 46.Nd6 Rb8 47.Qh8+  1-0

[Event "3rd ACP Blitz Prelim5"]
[Site "playchess.com INT"]
[Date "2004.06.04"]
[Round "13"]
[White "Kobalia,M"]
[Black "Socko,B"]
[Result "1-0"]
[WhiteElo "2630"]
[BlackElo "2579"]

1.e4 e6 2.d4 d5 3.Nc3 Bb4 4.e5 Ne7 5.a3 Bxc3+ 6.bxc3 c5 7.Qg4 O-O 8.Bd3 f5
9.exf6 Rxf6 10.Bg5 Rf7 11.Qh5 g6 12.Qd1 Nbc6 13.Nf3 Qf8 14.O-O c4 15.Be2 h6
16.Bc1 Kh7 17.a4 Bd7 18.Ba3 Qb8 19.g3 g5 20.Ne1 Ng6 21.Bh5 e5 22.dxe5 Qxe5
23.Nf3 Qf5 24.Bc5 b6 25.Nd4 Nxd4 26.Bxd4 Raf8 27.Qe2 g4 28.Bxg6+ Qxg6 29.Qe5 Bf5
30.a5 Be4 31.axb6 axb6 32.Rfe1 Rf5 33.Ra7+ R5f7 34.Rea1 h5 35.Ra8 Kh6 36.Be3+ Kh7
37.Bd4 Kh6 38.R1a7 Qf5 39.Qg7+ Rxg7 40.Bxg7+ Kg6 41.Rxf8 Qg5 42.Rf6+ Qxf6
43.Bxf6 Kxf6 44.Kf1 Bxc2 45.Ke2 Be4 46.Ke3 b5 47.Ra5 b4 48.cxb4 c3 49.Rc5 c2
50.b5 Ke6 51.b6 Kd6 52.Rc3 Ke5 53.Rc5 Kd6 54.Rc8 Ke5 55.Kd2 d4 56.Re8+ Kf5
57.Rxe4 Kxe4 58.b7  1-0

[Event "3rd ACP Blitz Prelim5"]
[Site "playchess.com INT"]
[Date "2004.06.04"]
[Round "15"]
[White "Petrosian,TL"]
[Black "Socko,B"]
[Result "0-1"]
[WhiteElo "2539"]
[BlackElo "2579"]

1.e4 e6 2.d4 d5 3.Nc3 Bb4 4.e5 Ne7 5.a3 Bxc3+ 6.bxc3 c5 7.Qg4 Kf8 8.Nf3 Qa5
9.Bd2 Qa4 10.Kd1 b6 11.h4 h6 12.Qf4 Ba6 13.h5 Bxf1 14.Rxf1 Nbc6 15.Nh4 Kg8
16.dxc5 Qxf4 17.Bxf4 bxc5 18.Rb1 Kh7 19.Kd2 Rhb8 20.g4 Rxb1 21.Rxb1 Rb8 22.Rxb8 Nxb8
23.Be3 Nd7 24.f4 g6 25.Bf2 gxh5 26.gxh5 Kg7 27.Nf3 Nf5 28.c4 d4 29.c3 dxc3+
30.Kxc3 f6 31.Kb3 a6 32.Ka4 Nb6+ 33.Kb3 Nd7 34.a4 Kf7 35.Nd2 Ng7 36.exf6 Nxh5
37.Ne4 Nxf4 38.Nxc5 Nxc5+ 39.Bxc5 Kxf6 40.Be3 e5 41.Kb4 h5 42.Ka5 h4 43.Bg1 e4
44.c5 h3 45.c6 Ne6 46.Kb4 Ke5 47.Kc4 Kd6 48.c7 Kxc7 49.Kd5 e3 50.Bxe3 h2
51.Bf4+ Nxf4+  0-1

[Event "3rd ACP Blitz Prelim5"]
[Site "playchess.com INT"]
[Date "2004.06.04"]
[Round "17"]
[White "Petrosian,TL"]
[Black "Potkin,V"]
[Result "1/2-1/2"]
[WhiteElo "2539"]
[BlackElo "2540"]

1.e4 e6 2.d4 d5 3.Nc3 Bb4 4.e5 Ne7 5.a3 Bxc3+ 6.bxc3 c5 7.Qg4 O-O 8.Nf3 Nbc6
9.Bd3 f5 10.exf6 Rxf6 11.Qh4 h6 12.O-O c4 13.Be2 Bd7 14.Re1 Be8 15.Ne5 Nxe5
16.dxe5 Rf8 17.Be3 Bg6 18.Bc5 Rf7 19.Bg4 Nf5 20.Qxd8+ Rxd8 21.Bxa7 h5 22.Bh3 Re8
23.Re2 Nh6 24.Be3 Ng4 25.Bd4 Bf5 26.g3 Ne3 27.Rxe3 Bxh3 28.Ra2 g5 29.f3 Kg7
30.Rb2 Bf5 31.Kf2 g4 32.f4 Kg6 33.Re1 Rh8  1/2-1/2

[Event "8th Open"]
[Site "Voronezh RUS"]
[Date "2004.06.17"]
[Round "6"]
[White "Klimentov,R"]
[Black "Dmitriev,I"]
[Result "1-0"]
[WhiteElo "2302"]
[BlackElo "2404"]

1.e4 e6 2.d4 d5 3.Nc3 Bb4 4.e5 Ne7 5.a3 Bxc3+ 6.bxc3 b6 7.Qg4 Nf5 8.Bd3 h5
9.Qf3 Qd7 10.Nh3 Qc6 11.Bd2 g6 12.Qe2 Bd7 13.a4 Qb7 14.O-O Nc6 15.Ba6 Qb8
16.Bg5 Na5 17.Bf6 Rg8 18.Bd3 Qb7 19.Nf4 Qc6 20.Rfe1 Ne7 21.Qd2 Nc4 22.Qc1 Bc8
23.Nh3 Nf5 24.f3 Bb7 25.g4 hxg4 26.fxg4 Ne7 27.Rf1 Qd7 28.Qg5 c5 29.Rf2 Rc8
30.Raf1 Rc7 31.Qh6 cxd4 32.cxd4 Qxa4 33.Qh7 Rf8 34.Bg7 Rg8 35.Rxf7 Nd2 36.Rxe7+ Rxe7
37.Qxg8+ Kd7 38.Rf7 Qxd4+ 39.Nf2 Qa1+ 40.Kg2 d4+ 41.Kh3  1-0

[Event "TCh-CRO"]
[Site "Rabac CRO"]
[Date "2004.06.21"]
[Round "1"]
[White "Marinic Kragic,M"]
[Black "Fucak,E"]
[Result "0-1"]
[WhiteElo "2136"]
[BlackElo "2306"]

1.e4 e6 2.d4 d5 3.Nc3 Bb4 4.e5 Qd7 5.Bd2 b6 6.Nce2 a5 7.Ng3 Ba6 8.N1e2 Nc6
9.c3 Bf8 10.Nf4 Bxf1 11.Nxf1 f6 12.Qh5+ Qf7 13.Qh3 f5 14.g4 g5 15.Nh5 f4
16.Qd3 O-O-O 17.f3 Nge7 18.h4 h6 19.O-O-O Kb7 20.Be1 Ng6 21.hxg5 hxg5 22.Rh2 Be7
23.Rc2 Qe8 24.Qb5 Qd7 25.a4 Rhg8 26.Nd2 Qc8 27.Bf2 Qd7 28.Kb1 Na7 29.Qxd7 Rxd7
30.Re1 Rc8 31.Nb3 Ka6 32.Rh1 c5 33.Ng7 Nf8 34.Rh6 c4 35.Nc1 Rc6 36.Ne2 b5
37.axb5+ Nxb5 38.Rc1 Rb7 39.Kc2 Ba3 40.Nxe6 Nxe6 41.bxa3 Nexd4+ 42.Nxd4 Nxa3+
43.Kd1 Rxh6 44.Nf5 Rh1+ 45.Be1 Rb6 46.Ne7 Re6  0-1

[Event "2nd Infineon FM"]
[Site "Budapest HUN"]
[Date "2004.06.26"]
[Round "2"]
[White "Torma,R"]
[Black "Graf,F"]
[Result "1/2-1/2"]
[WhiteElo "2181"]
[BlackElo "2056"]

1.e4 e6 2.d4 d5 3.Nc3 Bb4 4.e5 Ne7 5.a3 Bxc3+ 6.bxc3 c5 7.Qg4 O-O 8.Bd3 c4
9.Bh6 Ng6 10.Bxg6 fxg6 11.Bd2 Bd7 12.h4 Qe7 13.Rh3 Be8 14.Ne2 Nc6 15.Bg5 Qd7
16.Ng3 h5 17.Qe2 b5 18.Nf1 a5 19.Rf3 Rxf3 20.Qxf3 Rb8 21.Qd1 b4 22.axb4 axb4
23.cxb4 Nxb4 24.Bd2 Qb7 25.Bc3 Qe7 26.g3 Nc6 27.Qd2 Qb7 28.Nh2 Ra8  1/2-1/2

[Event "5th Kurass Mem"]
[Site "Kyiv UKR"]
[Date "2004.06.26"]
[Round "9"]
[White "Semenova,L"]
[Black "Galinsky,T"]
[Result "1/2-1/2"]
[WhiteElo "2271"]
[BlackElo "2416"]

1.e4 e6 2.d4 d5 3.Nc3 Bb4 4.e5 b6 5.Qg4 g6 6.Nh3 h5 7.Qf3 Nh6 8.Bd2 Ba6 9.Bxa6 Nxa6
10.Qd3 Qc8 11.Bxh6 Rxh6 12.Ng5 Be7 13.h4 Nb4 14.Qd2 Rh8 15.a3 Qa6 16.O-O-O Nc6
17.Qf4 Rf8 18.Nh7 Rg8 19.Rh3 Nd8 20.Nf6+ Bxf6 21.exf6 c6 22.Na2 Qb7 23.Nb4 Qb8
24.Qh6 Qd6 25.Nd3 Kd7 26.Ne5+ Kc7 27.Qf4 c5 28.Qd2 Kb7 29.f4 c4 30.Qb4 Qxb4
31.axb4 Nc6 32.Nxf7 Rgf8 33.Ng5 Rxf6 34.b5 Nd8 35.g3 a6 36.bxa6+ Rxa6 37.Rhh1 Kc6
38.c3 Nb7 39.Kc2 Nd6 40.Rhe1 Kd7 41.Ra1 Rxa1 42.Rxa1 Nf5 43.Ra7+ Ke8 44.Ra8+ Ke7
45.Ra7+ Ke8  1/2-1/2

[Event "IMB"]
[Site "Brno CZE"]
[Date "2004.07.03"]
[Round "1"]
[White "Schwarz,D"]
[Black "Cech,P"]
[Result "1-0"]
[WhiteElo "2269"]
[BlackElo "2404"]

1.e4 e6 2.d4 d5 3.Nc3 Bb4 4.e5 Qd7 5.a3 Bf8 6.Nf3 b6 7.Bb5 c6 8.Ba4 Ba6 9.Ne2 Bb5
10.Bb3 Bc4 11.Bxc4 dxc4 12.b3 c5 13.bxc4 cxd4 14.Nexd4 Nc6 15.O-O Rd8 16.Bg5 Nxd4
17.Bxd8 Nxf3+ 18.Qxf3 Qxd8 19.Qc6+ Qd7 20.Qa8+ Qd8 21.Qxa7 Bc5 22.Rad1 Qc8
23.Qa4+ Kf8 24.Rd7 g6 25.Rfd1 Kg7 26.Qb3 Qa8 27.Qh3 Ne7 28.Qh4 Re8 29.Qf6+ Kg8
30.g4 Qxa3 31.Rd8 Kf8 32.Rxe8+ Kxe8 33.Qh8+ Ng8 34.Qxg8+ Bf8 35.Rd3 Qa1+
36.Kg2 Qxe5 37.Rf3 Qc7 38.Qxh7 e5 39.Re3 Qc6+ 40.Kg1 Qf6 41.Qh3 Bc5 42.Re2 Kf8
43.Qd3 Qf4 44.h3 e4 45.Qxe4 Qg3+ 46.Qg2 Qc3 47.Qa8+ Kg7 48.Kg2 Qxc4 49.Qe4 Qa2
50.h4 Kg8 51.h5 gxh5 52.gxh5 Qa1 53.Qg4+ Kh8 54.Re8+ Kh7 55.Qf5+ Kg7 56.Qe5+ Qxe5
57.Rxe5 Kf6 58.Rd5  1-0

[Event "ch-NOR"]
[Site "Molde NOR"]
[Date "2004.07.04"]
[Round "2"]
[White "Stokke,K"]
[Black "Fyllingen,R"]
[Result "0-1"]
[WhiteElo "2214"]
[BlackElo "2374"]

1.e4 e6 2.Nc3 d5 3.d4 Bb4 4.e5 Qd7 5.Ne2 b6 6.a3 Bf8 7.g3 Bb7 8.Bg2 Nc6 9.O-O Nge7
10.f4 Nf5 11.g4 Nfxd4 12.Ng3 Nd8 13.Be3 Nb5 14.Nce2 c5 15.f5 d4 16.Bxb7 Qxb7
17.Bg5 Nc7 18.Nh5 Nd5 19.Neg3 h6 20.Bxd8 Ne3 21.Qe2 Rxd8 22.Rf4 Qd5 23.Ne4 Qc6
24.Qf2 Rd5 25.Qf3 exf5 26.gxf5 Kd8 27.c3 Rxe5 28.Rc1 Qd5 29.cxd4 cxd4 30.Nhg3 Be7
31.Qe2 Bg5 32.Qa6 Qd7 33.Nxg5 hxg5 34.Rxd4 Qxd4 35.Rc8+ Ke7 36.Qb7+ Kf6 37.Rc6+ Re6
38.Ne4+ Kxf5 39.Qxf7+ Rf6 40.Nd6+ Kg4 41.Qd7+ Kf3 42.Rc1 Ng4+ 43.Kh1 Rxh2+  0-1